Logistika internetového obchodu diplomová práca

Guardado en:
Detalles Bibliográficos
Autor principal: Mihálová, Nikola
Autor Corporativo: Fakulta podnikového manažmentu EU. Katedra manažmentu výroby a logistiky - zrušená
Otros Autores: Richnák, Patrik, 1988-
Formato: Libro
Lenguaje:eslovaco
Publicado: Bratislava 2022
Etiquetas: Agregar Etiqueta
Sin Etiquetas, Sea el primero en etiquetar este registro!

MARC

LEADER 00000nbm a2200000 4500
001 0285477
005 20230331085457.0
041 0 |a slo 
044 |a SK 
245 1 0 |a Logistika internetového obchodu  |b diplomová práca  |c Nikola Mihálová ; školiteľ: Patrik Richnák 
264 1 |a Bratislava  |c 2022 
300 |a 87 s. 
100 1 |a Mihálová, Nikola 
700 1 |a Richnák, Patrik, 1988- 
710 2 |a Fakulta podnikového manažmentu EU. Katedra manažmentu výroby a logistiky - zrušená